Word Ladder: Back to School Quiz Stats

 Plays Quiz Updated Aug 11, 2018

Challenge
Share
Tweet
Embed
Score 0/56 Timer 06:00
1 Play Today
Hint 4-Letter Word % Correct
* Learning area: class---- ** ROOM *
96.3%
Past tense of takeTOOK
96.2%
A room where a prisoner is keptCELL
95.5%
* Did not pass ** FAIL *
95.2%
* Roll ----: determine the presence or absence of students ** CALL *
94.9%
* Exam or quiz ** TEST *
94.9%
* Back to school season ** FALL *
94.6%
* Device used to indicate when school is in session ** BELL *
94.6%
A band to tie or buckle around the bodyBELT
94.4%
* Interpret something that is written or printed ** READ *
93.8%
Move about aimlessly or without any destinationROAM
92.8%
* School Stationery: ---- tip pen ** FELT *
92.6%
---- we forgetLEST
92.3%
* Tardy ** LATE *
92.1%
* Library volume ** BOOK *
91.9%
* Two wheeled vehicle for getting to school ** BIKE *
91%
A deep prolonged loud noiseBOOM
90.9%
Fewer - usually preceded by 'no'LESS
90.8%
Bitumen or tarmac for travel or transportationROAD
90.4%
* 500 sheets of paper for the photocopier ** REAM *
90.3%
* An implement used in woodwork class ** TOOL *
90.3%
A person who lacks good judgmentFOOL
90.3%
* Building evacuation: ---- drill ** FIRE *
90.1%
Clean or orderlyNEAT
89.9%
Cook and make edible by putting in a hot ovenBAKE
89.9%
Man or boyMALE
89.8%
A unit of length equal to 1760 yardsMILE
89.5%
* A book prepared for use in schools or colleges ** TEXT *
89.4%
Hint 4-Letter Word % Correct
* School sickness: ---- or flu ** COLD *
88.4%
A piece of thin and flexible sheet metalFOIL
88.3%
Singer: Nat King ----COLE
88.2%
Immediately following in time or orderNEXT
88.1%
* Theme of this quiz: ---- to school ** BACK *
87.8%
A notable achievementFEAT
87.6%
* School Stationery: ---- folder ** FILE *
87.3%
A long walk usually for exercise or pleasureHIKE
87.2%
A word by which a person or thing is knownNAME
87%
Savings institutionBANK
86.6%
* Geometry or algebra ** MATH *
86%
* School entrance ** GATE *
85.5%
Engage for workHIRE
85.2%
* Played during recess ** GAME *
85%
* School Stationery: rubber ---- ** BAND *
84.8%
* Report ---- -written assessment of a pupil's work ** CARD *
84.8%
'Shall we?' replyLET'S
83.6%
* School Stationery: Thumb ---- ** TACK *
83.6%
The back side of the neckNAPE
83.5%
Back muscles, for shortLATS
83.1%
A line made of twisted fibers or threadsCORD
82.4%
Shakespeare, for oneBARD
82.4%
* Cubby ---- ** HOLE *
80.4%
* School Stationery: Sticky ---- ** TAPE *
78.9%
Physically fitHALE
77.6%
AppropriateTAKE
75.7%
Speed-of-sound ratioMACH
68%
Dash gaugeTACH
67.1%

Today's Daily Dose

Missing Word
New England Movies

Word Ladder
Royal Titles

Get the Picture
Big 4 'B' All-Stars

You're not logged in!

Compare scores with friends on all Sporcle quizzes.
OR
Log In

You Might Also Like...

Show Comments

Extras

Top Quizzes Today


Score Distribution

Your Account Isn't Verified!

In order to create a playlist on Sporcle, you need to verify the email address you used during registration. Go to your Sporcle Settings to finish the process.

Report this User

Report this user for behavior that violates our Community Guidelines.

Details: